Quick scripture reference for counseling / (Record no. 9440)

MARC details
000 -LEADER
fixed length control field 02951cam a2200361 i 4500
001 - CONTROL NUMBER
control field 46947265
003 - CONTROL NUMBER IDENTIFIER
control field OCoLC
005 - DATE AND TIME OF LATEST TRANSACTION
control field 20241126110712.0
008 - FIXED-LENGTH DATA ELEMENTS--GENERAL INFORMATION
fixed length control field 010619s2000 miu 001 0 eng
010 ## -
-- 2001271533
020 ## - INTERNATIONAL STANDARD BOOK NUMBER
International Standard Book Number 0801091020
020 ## - INTERNATIONAL STANDARD BOOK NUMBER
International Standard Book Number 9780801091025
020 ## - INTERNATIONAL STANDARD BOOK NUMBER
International Standard Book Number 9788173622038
035 ## - SYSTEM CONTROL NUMBER
System control number (OCoLC)46947265
040 ## - CATALOGING SOURCE
Original cataloging agency DLC
Language of cataloging eng
Description conventions rda
Transcribing agency DLC
Modifying agency MSB
-- FIN
050 00 -
-- BR115.C69
-- K78 2000
082 00 - DEWEY DECIMAL CLASSIFICATION NUMBER
Classification number 253.5
Edition information 21
Item number KRU
090 ## - LOCALLY ASSIGNED LC-TYPE CALL NUMBER (OCLC); LOCAL CALL NUMBER (RLIN)
Classification number (OCLC) (R) ; Classification number, CALL (RLIN) (NR) BR115.C69
Local cutter number (OCLC) ; Book number/undivided call number, CALL (RLIN) K78 2000
100 1# - MAIN ENTRY--PERSONAL NAME
Personal name Kruis, John G.
Authority record control number or standard number https://id.loc.gov/authorities/names/n95008393
9 (RLIN) 16467
245 10 - TITLE STATEMENT
Title Quick scripture reference for counseling /
Statement of responsibility, etc. John G. Kruis.
250 ## - EDITION STATEMENT
Edition statement Third edition.
264 ## - PRODUCTION, PUBLICATION, DISTRIBUTION, MANUFACTURE, AND COPYRIGHT NOTICE
Place of production, publication, distribution, manufacture Secunderabad :
Name of producer, publisher, distributor, manufacturer GS Books,
Date of production, publication, distribution, manufacture, or copyright notice 2020
300 ## - PHYSICAL DESCRIPTION
Extent 208 pages ;
Dimensions 21 cm
336 ## - CONTENT TYPE
Content type term text
Content type code txt
Source rdacontent
337 ## - MEDIA TYPE
Media type term unmediated
Media type code n
Source rdamedia
338 ## - CARRIER TYPE
Carrier type term volume
Carrier type code nc
Source rdacarrier
500 ## - GENERAL NOTE
General note Includes index.
505 0# - FORMATTED CONTENTS NOTE
Formatted contents note Adultery -- Affliction -- Alcohol -- Anger -- Anxiety -- Assurance -- Bitterness -- Blame shifting -- Brooding -- Calls to repentance and obedience -- Changing -- Chastisement -- Children -- Church -- Church discipline -- Comfort -- Commandments -- Communication -- Communion of saints -- Conscience -- Contentment -- Coveting -- Death -- Decision making -- Depression -- Discipline -- Divorce -- Drug abuse -- Eternal life -- Evil desires -- Example -- Faith in God -- False prophets, teachers -- Fear -- Forgiveness of sins -- Forgiving others -- Friendships -- Giving -- Gossip -- Hate -- Homosexuality -- Hope -- Hot temper -- Husband/wife relationships -- Imitating Jesus -- Laziness -- Leading a person to Christ -- Loving and serving others -- Loving God -- Lust -- Lying -- Marriage -- Mixed marriages -- Obedience -- Overcoming evil -- Overcoming sin -- Peace -- Peacemakers, peacekeepers -- Persecution -- Prayer -- Priorities -- Progressive sanctification -- Providence of God -- Repentance -- Resentment -- Rest -- Salvation -- Self-centeredness -- Self-control, self-discipline -- Self-pity -- Sex life -- Sexual immorality -- Temptation -- Training children -- Trials -- Trust -- Waiting on the Lord -- Warnings -- Work -- Worry -- Youth.
520 ## - SUMMARY, ETC.
Summary, etc. For over a decade, this useful guidebook has served as an essential tool for Christians -- counselors, pastors, and laypeople alike -- who desire to be "thoroughly equipped" with the Scriptures, "prepared for every good work." In fact, "the more equipped you are," says John Kruis in the introduction to this popular counseling tool, "the more effective you will be in helping others." This new edition, now revised and expanded, is specially designed to help all God's people use the Scriptures more effectively in their lives. - Back cover.
630 00 - SUBJECT ADDED ENTRY--UNIFORM TITLE
Uniform title Bible
General subdivision Use.
Authority record control number or standard number https://id.loc.gov/authorities/subjects/sh85013725
9 (RLIN) 1787
650 #0 - SUBJECT ADDED ENTRY--TOPICAL TERM
Topical term or geographic name entry element Counseling
General subdivision Religious aspects
-- Christianity.
Authority record control number or standard number https://id.loc.gov/authorities/subjects/sh93006040
9 (RLIN) 2312
942 ## - ADDED ENTRY ELEMENTS (KOHA)
Source of classification or shelving scheme Dewey Decimal Classification
Koha item type Books
Holdings
Withdrawn status Lost status Source of classification or shelving scheme Damaged status Not for loan Home library Current Library Shelving location Date acquired Total checkouts Full call number Barcode Date last seen Copy number Price effective from Koha item type
    Dewey Decimal Classification     GRACE BIBLE COLLEGE GRACE BIBLE COLLEGE Ministry & Mission 2022-12-07   253.5 KRU 015929 2025-05-01 c.1 2022-12-07 Books
© Grace Bible College Library 2025